Eastern Utah Libraries Catalog: Duchesne, Heber, Roosevelt, & Vernal

Cinema paradiso / (Record no. 356630)

MARC details
000 -LEADER
fixed length control field 02433cgm a2200529Ka 4500
001 - CONTROL NUMBER
control field on1114513185
003 - CONTROL NUMBER IDENTIFIER
control field OCoLC
005 - DATE AND TIME OF LATEST TRANSACTION
control field 20201215133107.0
007 - PHYSICAL DESCRIPTION FIXED FIELD--GENERAL INFORMATION
fixed length control field vd ||||||
008 - FIXED-LENGTH DATA ELEMENTS--GENERAL INFORMATION
fixed length control field 141119s2013 xxk118 vuita d
040 ## - CATALOGING SOURCE
Original cataloging agency UKUSW
Language of cataloging eng
Transcribing agency UKUSW
Modifying agency OCLCO
-- OCLCF
-- OCLCQ
-- UK7LJ
-- OCLCO
-- OCL
-- TEF
-- WACOL
019 ## -
-- 1205444183
024 1# - OTHER STANDARD IDENTIFIER
Standard number or code 760137408581
028 42 - PUBLISHER NUMBER
Publisher number AA066
Source Arrow Films
035 ## - SYSTEM CONTROL NUMBER
System control number (OCoLC)1114513185
Canceled/invalid control number (OCoLC)1205444183
041 0# - LANGUAGE CODE
Language code of text/sound track or separate title ita
-- eng
050 #4 - LIBRARY OF CONGRESS CALL NUMBER
Classification number PN1997
Item number .C56 2013
082 04 - DEWEY DECIMAL CLASSIFICATION NUMBER
Classification number 791.43/72
Edition number 23
092 ## - LOCALLY ASSIGNED DEWEY CALL NUMBER (OCLC)
Classification number DVD
Item number Cin
049 ## - LOCAL HOLDINGS (OCLC)
Holding library WACL
245 00 - TITLE STATEMENT
Title Cinema paradiso /
Statement of responsibility, etc director, Giuseppe Tornatore.
260 ## - PUBLICATION, DISTRIBUTION, ETC. (IMPRINT)
Place of publication, distribution, etc [U.K.] :
Name of publisher, distributor, etc Arrow Films,
Date of publication, distribution, etc [2013?]
300 ## - PHYSICAL DESCRIPTION
Extent 1 videodisc (118 min.) :
Other physical details sound, color ;
Dimensions 4 3/4 in.
336 ## - Content Type
Content type term two-dimensional moving image
337 ## - Media type
Media type term video
538 ## - SYSTEM DETAILS NOTE
System details note DVD, region 1; stereo.
546 ## - LANGUAGE NOTE
Language note Italian dialogue, English subtitles.
511 1# - PARTICIPANT OR PERFORMER NOTE
Participant or performer note Philippe Noiret, Jacques Perrin, Antonella Attili.
500 ## - GENERAL NOTE
General note Film made in 1988.
520 ## - SUMMARY, ETC.
Summary, etc The love for cinema is the central theme of this moving film, which tells the story of Toto's life as a child and his unconditional friendship with Alfredo the film designer of his small town. With the passage of time, the child abandons his home and his friend to achieve his dreams. Thirty years later a message from his mother asks him to return to the village, where his memories and unexpected news await his return.
500 ## - GENERAL NOTE
General note Special featues: Audio commentaries; A dream of Sicily; A bear and a mouse in paradise; The kissing sequence; trailers.
521 ## - TARGET AUDIENCE NOTE
Target audience note DVD
Source MicroMarketing
650 #0 - SUBJECT ADDED ENTRY--TOPICAL TERM
Topical term or geographic name as entry element Motion picture producers and directors
Geographic subdivision Italy
-- Sicily
Form subdivision Drama.
9 (RLIN) 6391938
650 #0 - SUBJECT ADDED ENTRY--TOPICAL TERM
Topical term or geographic name as entry element Reminiscing
Geographic subdivision Italy
-- Sicily
Form subdivision Drama.
9 (RLIN) 6391939
650 #0 - SUBJECT ADDED ENTRY--TOPICAL TERM
Topical term or geographic name as entry element Friendship
Geographic subdivision Italy
-- Sicily
Form subdivision Drama.
9 (RLIN) 6391940
650 #0 - SUBJECT ADDED ENTRY--TOPICAL TERM
Topical term or geographic name as entry element Feature films
Geographic subdivision Italy.
9 (RLIN) 6391941
650 #7 - SUBJECT ADDED ENTRY--TOPICAL TERM
Topical term or geographic name as entry element Feature films.
Source of heading or term fast
-- (OCoLC)fst00922105
9 (RLIN) 6391942
651 #7 - SUBJECT ADDED ENTRY--GEOGRAPHIC NAME
Geographic name Italy.
Source of heading or term fast
-- (OCoLC)fst01204565
9 (RLIN) 6391943
655 #7 - INDEX TERM--GENRE/FORM
Genre/form data or focus term Feature films.
Source of term fast
-- (OCoLC)fst01710384
9 (RLIN) 6391944
655 #7 - INDEX TERM--GENRE/FORM
Genre/form data or focus term Feature films.
Source of term lcgft
9 (RLIN) 6391944
700 1# - ADDED ENTRY--PERSONAL NAME
Personal name Tornatore, Giuseppe,
Dates associated with a name 1956-
Relator term director.
9 (RLIN) 42804
700 1# - ADDED ENTRY--PERSONAL NAME
Personal name Noiret, Philippe,
Relator term actor.
9 (RLIN) 5383
700 1# - ADDED ENTRY--PERSONAL NAME
Personal name Attili, Antonella,
Dates associated with a name 1963-
Relator term actor.
9 (RLIN) 46957
700 1# - ADDED ENTRY--PERSONAL NAME
Personal name Perrin, Jacques,
Dates associated with a name 1941-
Relator term actor.
9 (RLIN) 62926
710 2# - ADDED ENTRY--CORPORATE NAME
Corporate name or jurisdiction name as entry element Arrow Films (Firm)
9 (RLIN) 6391945
994 ## -
-- C0
-- WACOL
Holdings
Withdrawn status Lost status Source of classification or shelving scheme Damaged status Not for loan Collection code Home library Current library Shelving location Date acquired Source of acquisition Total Checkouts Full call number Barcode Date last seen Date checked out Cost, replacement price Price effective from Koha item type
    Dewey Decimal Classification     Movies Wasatch County Library Wasatch County Library Audio Visual Area 12/15/2020 Micromarketing 2 DVD Cin 34301001707100 12/03/2024 12/03/2024 19.95 12/15/2020 DVD
This project was made possible through a grant from the Institute of Museum and Library Service administered by the Utah State Library Division.

Wasatch County Library

  • 465 East 1200 South, Heber City, Utah 84032
  • Phone 435-654-1511 | Fax 435-654-6456

Hours

  • Monday - Friday 9:30 AM - 8:00 PM
  • Saturday 9:30 AM - 1:30 PM
  • Closed Sundays and Holidays